000 00581nam a2200229Ia 4500
003 OSt
005 20221005124918.0
006 a|||||r|||| 00| 0
007 ta
008 221004b |||||||| |||| 00| 0 eng d
024 _a60666
037 _cTextual
040 _aCRL
_cCRL
_beng
041 _2eng
_aeng
082 _aU8.2.M76, A
100 _aDuff Mountstuart E Grant
_9635955
245 0 _aNotes of an Indian journey.
260 _c1800
650 _aGEOGRAPHY
942 _hU8.2.M76, A
_cTEXL
_2cc
999 _c1052121
_d1052121